| 000 | 00909nam a2200313 a 4500 | ||
|---|---|---|---|
| 003 | AR-BaBNM | ||
| 005 | 20251128203250.0 | ||
| 008 | 082120s2002 ||||||||||||||000 | spa|| | ||
| 040 | _cAR-BaBNM | ||
| 100 | 1 | _aLatíshina, D. | |
| 245 | 0 | 0 |
_aLa escuela primaria soviética _bproblemas de la enseñanza y la educación |
| 260 |
_aMoscú _bProgreso _c1984 |
||
| 300 |
_a229 p. _bil., gráfs. |
||
| 650 | 4 | _aESCUELAS PRIMARIAS | |
| 650 | 4 | _aDESARROLLO DE LA EDUCACION | |
| 650 | 4 | _aENSEÑANZA DE LAS MATEMATICAS | |
| 650 | 4 | _aENSEÑANZA DE LA HISTORIA | |
| 650 | 4 | _aEDUCACION MUSICAL | |
| 650 | 4 | _aEDUCACION ARTISTICA | |
| 650 | 4 | _aEDUCACION EXTRAESCOLAR | |
| 650 | 4 | _aRELACION FAMILIA-ESCUELA | |
| 650 | 4 | _aRELACION PADRES-DOCENTE | |
| 651 | 4 | _aURSS | |
| 653 | _aENSENANZA DE LA LENGUA | ||
| 653 | _aEDUCACION PRIMARIA | ||
| 700 | 1 |
_aCiutat, M. _etraductor |
|
| 942 | _cBK | ||
| 998 | _cGrace | ||
| 999 |
_c2622 _d2622 |
||